000 01892cam a22004334i 4500
003 PE-LiUPU
005 20250731175636.0
008 150706s r 000 0 d
020 _a0521796563
035 _a(Sirsi) i9780521796569
040 _aPE-LiUPU
_bspa
_cPE-LiUPU
_erda
049 _aPRUA
082 0 4 _a418.007121
_bB84
_221
100 1 _aBrown, James Dean,
_eautor.
245 1 0 _aUsing surveys in language programs /
_cJames Dean Brown.
264 1 _aCambridge :
_bCambridge University Press,
_c2001.
300 _a319 páginas :
_bilustraciones ;
_c23 centímetros
336 _atext
_2rdacontent
337 _aunmediated
_2rdamedia
338 _avolume
_2rdacarrier
490 0 _aCambridge language teaching library
504 _aIncluye bibliografía.
505 0 _aPlanning a survey project -- Designing a survey instrument -- Gathering and compiling survey data -- Analyzing survey data statistically -- Analyzing survey data qualitatively -- Reporting on a survey project -- Language testing course description questionnaire -- TESOL research task force questionnaire -- Reading course evaluation questionnaire for students.
526 _aP145
526 _aP127
526 _aP97
526 _aP35
526 _aP14
526 _aP07
541 _g001-001819;
650 0 4 _aEstadística
_xMetodología.
650 0 4 _aLenguaje
_vEncuestas.
910 _bjv
_clch
_d20101011
942 _2ddc
_cBOOK
949 _a418.007121 B84
_wDEWEY
_c1
_i62144
_lCCODEBUL1
_mBUL
_p30.00
_r0
_sY
_tBOOK
_u2015-7-6
_xEDUCACION
_PP20
_0COMPRA
_o.STAFF. Colección General
994 _aC0
_bPEPRU
596 _a1
999 _a418.007121 B84
_wDEWEY
_c51233
_i62144
_d51233
_f2021-11-8
_g5
_lCCODEBUL1
_mBUL
_p30.00
_q1
_r0
_sN
_tBOOK
_u2015-7-6
_xEDUCACION
_PP20
_0COMPRA
_o.STAFF. Colección General
980 _81
_gALBERTO SANCHEZ Responsable de Automatización